The Tigers of Terengganu

Bibliographic Details
Main Author: Locke, A
Format: Book
Published: Kuala Lumpur : Vinpress Sdn.Bhd. , 1986
Subjects:

MARC

LEADER 00000cam a2200000 7i4500
001 0000003697
002 000003981
005 20000330.0
020 |a 9678100282 
090 0 0 |a 398.369   |b LOC 
100 1 |a Locke, A   |f Lt.Col 
245 1 4 |a The Tigers of Terengganu   |c Lt.Col.A.Loke 
260 |a Kuala Lumpur :   |b Vinpress Sdn.Bhd. ,   |c 1986 
300 |a 191p. :   |b ill ;   |c 22cm. 
650 0 0 |a Tigers   |z Trengganu 
650 0 0 |a Vampires 
999 |a 0002145   |b BUKU   |c MALAYSIANA   |e PERPUSTAKAAN KOMUNITI PETALING JAYA 
999 |a 037148   |b BUKU   |c MALAYSIANA   |e PERPUSTAKAAN KOMUNITI PETALING JAYA